[Event "CHN-chW 2019"]
[Site "Xinghua"]
[Date "2019.05.14"]
[Round "4.7"]
[White "Guo, Qi"]
[Black "Chu, Ruotong"]
[Result "1-0"]
[WhiteElo "2361"]
[BlackElo "2180"]
[Annotator "NA RC"]
[PlyCount "73"]
[EventDate "2019.05.11"]
[EventType "tourn"]
[EventCountry "CHN"]
[SourceTitle "playchess.com"]
[Source "ChessBase"]
[SourceQuality "1"]
[TimeControl "5400+30"]

1. d4 {[%emt 0:00:00]} d5 {[%emt 0:00:00]} 2. c4 {[%emt 0:00:00]} dxc4 {[%emt 0:00:00]} 3. e4 {[%emt 0:00:00]} e5 {[%emt 0:00:05]} 4. Nf3 {[%emt 0:00:08]} exd4 {[%emt 0:00:04]} 5. Bxc4 {[%emt 0:00:08]} Bb4+ {[%emt 0:00:05]} 6. Nbd2 {[%emt 0:00:06]} Nc6 {[%emt 0:00:06]} 7. O-O {[%emt 0:00:11]} Nf6 {[%emt 0:05:21]} 8. e5 {[%emt 0:00:15]} Nd5 {[%emt 0:00:04]} 9. Nb3 {[%emt 0:00:06]} Be7 {[%emt 0:00:04]} 10. Nbxd4 {[%emt 0:10:23]} Nxd4 {[%emt 0:03:04]} 11. Qxd4 {[%emt 0:02:07]} Nb6 {[%emt 0:00:07]} 12. Bb3 {[%emt 0:04:53]} Qxd4 {[%emt 0:00:10]} 13. Nxd4 {[%emt 0:00:06]} O-O {[%emt 0:00:04]} 14. a4 {[%emt 0:06:50]} c5 {[%emt 0:08:48]} 15. Nb5 {[%emt 0:01:40]} Be6 {[%emt 0:08:04]} 16. Bxe6 {[%emt 0:06:03]} fxe6 {[%emt 0:04:56]} 17. Nc7 {[%emt 0:00:18]} Rac8 {[%emt 0:00:03]} 18. Nxe6 {[%emt 0:00:11]} Rf5 {[%emt 0:00:03]} 19. Re1 {[%emt 0:00:40]} Nc4 {[%emt 0:11:17]} 20. f4 {[%emt 0:07:22]} h5 {[%emt 0:00:23]} 21. a5 {[%emt 0:03:49]} Kf7 {[%emt 0:23:10]} 22. Nxg7 {[%emt 0:09:37]} Kxg7 {[%emt 0:00:30]} 23. b3 {[%emt 0:00:04]} Nd6 {[%emt 0:03:54]} 24. exd6 {[%emt 0:01:27]} Bxd6 {[%emt 0:00:44]} 25. Bb2+ {[%emt 0:00:48]} Kf7 {[%emt 0:05:46]} 26. Rad1 {[%emt 0:08:06]} Bxf4 {[%emt 0:10:05]} 27. Rd7+ {[%emt 0:00:06]} Kf8 {[%emt 0:00:05]} 28. Rxb7 {[%emt 0:04:02]} Rc7 {[%emt 0:00:52]} 29. a6 {[%emt 0:02:21]} Rcf7 {[%emt 0:05:23]} 30. g3 {[%emt 0:06:07]} Be3+ {[%emt 0:00:26]} 31. Rxe3 {[%emt 0:00:06]} Rf1+ {[%emt 0:00:04]} 32. Kg2 {[%emt 0:00:04]} R1f2+ {[%emt 0:02:02]} 33. Kh3 {[%emt 0:00:04]} Rxb2 {[%emt 0:00:05]} 34. Rc3 {[%emt 0:01:44]} Rff2 {[%emt 0:03:12]} 35. Kh4 {[%emt 0:00:06]} Rxh2+ {[%emt 0:00:28]} 36. Kg5 {[%emt 0:00:03]} Rhd2 {[%emt 0:01:13]} 37. Rxc5 {[%emt 0:01:45]} 1-0

[Event "CHN-chW 2019"]
[Site "Xinghua"]
[Date "2019.05.14"]
[Round "4.8"]
[White "Ni, Shiqun"]
[Black "Zhai, Mo"]
[Result "1-0"]
[WhiteElo "2439"]
[BlackElo "2365"]
[Annotator "TA"]
[PlyCount "87"]
[EventDate "2019.05.11"]
[EventType "tourn"]
[EventCountry "CHN"]
[SourceTitle "playchess.com"]
[Source "ChessBase"]
[SourceQuality "1"]

{[%evp 10,87,22,17,33,0,8,-2,37,28,33,28,38,25,38,34,119,59,92,89,82,81,82,74,79,69,95,87,97,87,97,100,125,110,102,95,122,138,169,178,180,179,228,224,211,212,348,356,359,358,334,306,367,373,479,464,505,494,429,431,671,671,612,659,506,329,864,768,1019,1019,987,970,837,773,904,744,2093,2012,1803,1433]} 1. e4 c6 2. Nc3 d5 3. Nf3 dxe4 4. Nxe4 Nf6 5. Qe2 Nxe4 6. Qxe4 Qd5 {B11: Caro-Kann: Two Knights Variation} 7. Qh4 Qe6+ 8. Be2 Qg4 {The position is equal.} 9. Qg3 Qxg3 10. hxg3 g6 11. d4 Bg7 12. Bh6 Bf6 (12... Kf8 $14) 13. Ne5 ({White should try} 13. c3 $16) 13... Be6 {[#]} 14. g4 $146 {[%mdl 2048] White is really pushing.} ({Predecessor:} 14. O-O-O) 14... Nd7 15. Nxd7 Bxd7 16. O-O-O {[#] And now g5 would win.} Rg8 17. Bf4 Rh8 18. g5 Bg7 19. Bc4 a5 20. a3 a4 21. c3 Ra5 22. Rde1 Kf8 23. Re2 h6 24. gxh6 Bf6 25. f3 Bg5 26. Bxg5 Rxg5 {[#]} 27. g4 $1 b5 (27... Ra5 $142 28. Reh2 Ra8) 28. Ba2 $18 c5 29. Re5 Rxe5 30. dxe5 {[%mdl 4096] Endgame KRB-KRB} Bc6 31. g5 e6 32. Rd1 Ke7 33. f4 Rb8 34. Rd6 Bd7 (34... Bg2 $142 35. Kd2 Be4) 35. Ra6 Kf8 36. Ra7 Rd8 37. Rc7 b4 $2 (37... c4 38. Bb1 Kg8) 38. Bc4 {White is clearly winning.} bxa3 39. bxa3 Kg8 40. Rxc5 Rb8 41. Rc7 Bb5 42. Kc2 Rb6 43. Bxb5 Rxb5 44. Ra7 {Accuracy: White = 78%, Black = 32%.} 1-0

[Event "CHN-chW 2019"]
[Site "Xinghua"]
[Date "2019.05.14"]
[Round "4.9"]
[White "Qiu, Mengjie"]
[Black "Xiao, Yiyi"]
[Result "0-1"]
[WhiteElo "2219"]
[BlackElo "2290"]
[Annotator "NA RC"]
[PlyCount "116"]
[EventDate "2019.05.11"]
[EventType "tourn"]
[EventCountry "CHN"]
[SourceTitle "playchess.com"]
[Source "ChessBase"]
[SourceQuality "1"]
[TimeControl "5400+30"]

1. e4 {[%emt 0:00:00]} e5 {[%emt 0:00:00]} 2. Nf3 {[%emt 0:00:00]} Nc6 {[%emt 0:00:00]} 3. Nc3 {[%emt 0:00:13]} Nf6 {[%emt 0:04:47]} 4. Bb5 {[%emt 0:00:23]} Nd4 {[%emt 0:08:50]} 5. Nxd4 {[%emt 0:01:36]} exd4 {[%emt 0:00:05]} 6. e5 {[%emt 0:00:04]} dxc3 {[%emt 0:03:59]} 7. exf6 {[%emt 0:00:05]} Qxf6 {[%emt 0:01:05]} 8. dxc3 {[%emt 0:00:05]} c6 {[%emt 0:09:17]} 9. Bd3 {[%emt 0:03:32]} d5 {[%emt 0:00:14]} 10. O-O {[%emt 0:02:51]} Be6 {[%emt 0:05:33]} 11. Be3 {[%emt 0:09:28]} Bd6 {[%emt 0:01:13]} 12. Qh5 {[%emt 0:02:38]} g6 {[%emt 0:11:52]} 13. Bg5 {[%emt 0:19:23]} Qxc3 {[%emt 0:07:23]} 14. bxc3 {[%emt 0:03:11]} gxh5 {[%emt 0:00:02]} 15. Bf6 {[%emt 0:00:13]} Rg8 {[%emt 0:02:05]} 16. Rab1 {[%emt 0:07:07]} b6 {[%emt 0:01:50]} 17. Bxh7 {[%emt 0:06:44]} Rg4 {[%emt 0:00:09]} 18. g3 {[%emt 0:04:34]} Ra4 {[%emt 0:02:15]} 19. f4 {[%emt 0:01:59]} Bh3 {[%emt 0:00:22]} 20. Rfe1+ {[%emt 0:01:09]} Kd7 {[%emt 0:00:09]} 21. Rbd1 {[%emt 0:03:45]} b5 {[%emt 0:11:46]} 22. Be5 {[%emt 0:09:31]} Rxa2 {[%emt 0:01:13]} 23. Bxd6 {[%emt 0:01:42]} Kxd6 {[%emt 0:00:02]} 24. Re5 {[%emt 0:00:45]} f6 {[%emt 0:03:03]} 25. Re3 {[%emt 0:01:19]} f5 {[%emt 0:00:41]} 26. Bg6 {[%emt 0:20:43]} Rxc2 {[%emt 0:00:44]} 27. Bxh5 {[%emt 0:00:00]} a5 {[%emt 0:24:51]} 28. Bf7 {[%emt 0:00:00]} Kc5 {[%emt 0:00:00]} 29. Be8 {[%emt 0:00:00]} a4 {[%emt 0:01:00]} 30. Re6 {[%emt 0:00:00]} Ra6 {[%emt 0:00:00]} 31. Rh6 {[%emt 0:00:00]} a3 {[%emt 0:00:00]} 32. Rxh3 {[%emt 0:00:00]} a2 {[%emt 0:00:00]} 33. Rh6 {[%emt 0:00:08]} Rb2 {[%emt 0:00:00]} 34. Re6 {[%emt 0:00:52]} Rb1 {[%emt 0:00:00]} 35. Ree1 {[%emt 0:00:04]} Rxd1 {[%emt 0:00:00]} 36. Rxd1 {[%emt 0:00:03]} a1=Q {[%emt 0:00:00]} 37. Rxa1 {[%emt 0:00:01]} Rxa1+ {[%emt 0:00:00]} 38. Kf2 {[%emt 0:01:00]} Ra2+ {[%emt 0:00:00]} 39. Kg1 {[%emt 0:00:54]} Kd6 {[%emt 0:00:00]} 40. h4 {[%emt 0:02:16]} Ra8 {[%emt 0:00:00]} 41. Bh5 {[%emt 0:00:57]} c5 {[%emt 0:00:00]} 42. Kf2 {[%emt 0:00:45]} Ra3 {[%emt 0:06:30]} 43. Be2 {[%emt 0:00:42]} b4 {[%emt 0:00:00]} 44. cxb4 {[%emt 0:00:19]} cxb4 {[%emt 0:00:00]} 45. h5 {[%emt 0:01:29]} Ke6 {[%emt 0:01:30]} 46. g4 {[%emt 0:00:00]} fxg4 {[%emt 0:00:00]} 47. Bxg4+ {[%emt 0:00:00]} Kf6 {[%emt 0:00:00]} 48. Ke1 {[%emt 0:00:38]} Rc3 {[%emt 0:00:00]} 49. Kd2 {[%emt 0:00:33]} Rc4 {[%emt 0:00:00]} 50. Bd1 {[%emt 0:00:39]} Rxf4 {[%emt 0:00:00]} 51. Kc2 {[%emt 0:00:36]} Rf1 {[%emt 0:00:00]} 52. Bg4 {[%emt 0:00:22]} Ke5 {[%emt 0:00:00]} 53. Kb3 {[%emt 0:00:28]} Rb1+ {[%emt 0:00:00]} 54. Ka4 {[%emt 0:00:19]} Kd4 {[%emt 0:00:00]} 55. Be6 {[%emt 0:00:49]} Kc4 {[%emt 0:00:00]} 56. Ka5 {[%emt 0:00:14]} b3 {[%emt 0:00:00]} 57. Bf5 {[%emt 0:00:17]} Rh1 {[%emt 0:00:00]} 58. Bg6 {[%emt 0:00:11]} b2 {[%emt 0:00:00]} 0-1

[Event "CHN-chW 2019"]
[Site "Xinghua"]
[Date "2019.05.14"]
[Round "4.10"]
[White "Ning, Kaiyu"]
[Black "Ren, Xiaoyi"]
[Result "0-1"]
[WhiteElo "2256"]
[BlackElo "2261"]
[Annotator "TA"]
[PlyCount "64"]
[EventDate "2019.05.11"]
[EventType "tourn"]
[EventCountry "CHN"]
[SourceTitle "playchess.com"]
[Source "ChessBase"]
[SourceQuality "1"]

{[%evp 22,64,0,-9,8,2,9,-15,7,-291,-289,-294,-280,-353,-345,-370,-356,-416,-365,-394,-367,-406,-385,-403,-394,-452,-436,-545,-522,-650,-493,-675,-662,-724,-758,-740,-750,-925,-837,-1358,-799,-1339,-1167,-1575,-1540]} 1. d4 Nf6 2. c4 e6 3. Nf3 b6 4. a3 Bb7 5. Nc3 d5 6. cxd5 Nxd5 7. e3 Be7 8. Bb5+ c6 9. Bd3 O-O 10. e4 Nxc3 11. bxc3 c5 12. O-O Bf6 $146 {E12: Queen's Indian: Unusual White 4th moves, 4 a3, 4 Nc3 Bb7 5 a3 and 4 Nc3 Bb7} ({Predecessor:} 12... Nd7 13. Bf4 Rc8 14. Qe2 cxd4 15. cxd4 Nf6 16. Rfe1 Rc3 17. Bd2 Rc7 18. a4 a5 19. Rab1 Nd7 20. Rb5 Qa8 21. Rh5 Rd8 22. Ng5 {1-0 (39) Salem,A (2636)-Le,Q (2727) Abu Dhabi 2018}) 13. e5 Be7 14. dxc5 Bxc5 {The position is equal.} 15. Bxh7+ $2 {[%mdl 8192]} (15. Re1 $11 {and White stays safe.}) 15... Kxh7 $19 16. Ng5+ Kg8 17. Qc2 {[%csl Gg5][%cal Rc2h7] [#]} g6 18. Rd1 Qc7 19. Qe2 Be7 20. Bf4 Na6 21. Qg4 Kg7 22. Rd3 Nc5 23. Re3 Rad8 {Black is clearly winning.} 24. h4 Rh8 25. Rh3 Rh5 26. Rg3 {[#] Black must now prevent Qxh5!} Rdh8 27. Nxf7 Kxf7 28. Qxg6+ Kf8 29. Rd1 Be4 30. Qg7+ Ke8 31. Rh3 Bf5 32. Rh2 Ne4 {Accuracy: White = 20%, Black = 89%.} 0-1

[Event "CHN-chW 2019"]
[Site "Xinghua"]
[Date "2019.05.14"]
[Round "4.11"]
[White "Zhang, Lanlin"]
[Black "Zhu, Jiner"]
[Result "1/2-1/2"]
[WhiteElo "2181"]
[BlackElo "2439"]
[Annotator "TA"]
[PlyCount "91"]
[EventDate "2019.05.11"]
[EventType "tourn"]
[EventCountry "CHN"]
[SourceTitle "playchess.com"]
[Source "ChessBase"]
[SourceQuality "1"]

{[%evp 17,91,36,42,-10,-8,-9,11,21,18,14,16,-4,11,-8,24,-18,10,-10,-33,-26,-2,-18,0,-15,-17,-32,0,-9,0,0,0,0,0,-37,-15,-66,-68,-58,-18,-18,-16,-13,-25,-15,-16,-15,-20,-19,-20,-20,-15,-16,-4,-5,0,0,0,-8,0,0,4,4,12,10,11,4,22,22,24,0,0,0,0,0,0,0]} 1. e4 e5 2. Nf3 Nc6 3. Bb5 g6 4. c3 a6 5. Ba4 d6 6. d4 Bd7 7. O-O Bg7 8. Be3 Nf6 9. Nbd2 O-O 10. Bxc6 $146 {C76: Ruy Lopez: Deferred Steinitz: 5 c3 Bd7 6 d4 g6} ({White should play} 10. Re1 $14) ({Predecessor:} 10. Re1 Qe8 11. Bxc6 Bxc6 12. dxe5 Ng4 13. exd6 Nxe3 14. Rxe3 Rd8 15. e5 cxd6 16. exd6 Qd7 17. Nc4 Bb5 {1-0 (47) Alekseev,E (2616)-Van Foreest,J (2629) Riadh 2017}) 10... Bxc6 $11 11. dxe5 Nxe4 12. Nxe4 Bxe4 13. exd6 cxd6 14. Bd4 Bh6 15. Be3 Bg7 16. Bd4 Bh6 17. Be3 Bxe3 18. fxe3 Re8 19. Qd4 Qe7 20. Nd2 Bc6 21. Rae1 f5 22. h4 Rad8 {[%cal Ba8d8,Bd8d7,Bd7f7][%mdl 32]} 23. Rf4 Rd7 24. a4 Qe6 25. Kf2 h6 {And now ...g5 would win.} 26. e4 (26. g4 $11) 26... Rf7 $15 27. Rf1 g5 (27... Qe5 $5 {[%cal Re5f4]} 28. Ke3 Rfe7 $15) 28. hxg5 hxg5 29. Rh1 {[%csl Gd4][%cal Rh1h8] [#]} Qe5 30. Qxe5 Rxe5 31. Rxf5 Rfxf5+ 32. exf5 Rxf5+ $11 {[%mdl 4096] Endgame KRB-KRN} 33. Kg3 Bxa4 34. Ne4 Rb5 35. b4 ({Reject} 35. Nxd6 Rxb2 36. Rh5 Bc6 $17) 35... Re5 36. Nxd6 Bc6 37. Kg4 Bd7+ 38. Kh5 g4+ 39. Kh4 Re6 {[#] White must now prevent ...Rh6+.} 40. Rd1 Bc6 41. Kxg4 Rg6+ 42. Kf4 Rxg2 43. c4 Rb2 {The position is equal.} 44. b5 axb5 45. cxb5 Bxb5 46. Nxb7 {Accuracy: White = 45%, Black = 42%.} 1/2-1/2

[Event "CHN-chW 2019"]
[Site "Xinghua"]
[Date "2019.05.14"]
[Round "4.12"]
[White "Huang, Qian"]
[Black "Shen, Yang"]
[Result "1/2-1/2"]
[WhiteElo "2440"]
[BlackElo "2449"]
[Annotator "TA"]
[PlyCount "67"]
[EventDate "2019.05.11"]
[EventType "tourn"]
[EventCountry "CHN"]
[SourceTitle "playchess.com"]
[Source "ChessBase"]
[SourceQuality "1"]

{[%evp 17,67,15,15,14,18,12,13,13,13,16,19,13,13,16,13,20,15,7,23,0,14,0,14,8,6,0,10,0,0,0,0,0,0,0,0,0,0,0,0,0,0,0,0,0,4,0,0,0,0,0,0,0]} 1. d4 d5 2. Nf3 Nf6 3. c4 dxc4 4. e3 e6 5. Bxc4 a6 6. Nc3 c5 7. O-O Nc6 8. dxc5 Qxd1 9. Rxd1 Bxc5 10. Bd2 {D27: Queen's Gambit Accepted: Classical main line: 7 e4!? and 7 a4} Bd7 11. Rac1 O-O 12. Be2 Rfd8 13. Na4 Ba7 {[#]} 14. Nc5 $146 ({Predecessor:} 14. Be1 Be8 15. Rxd8 Nxd8 16. b3 Nd5 17. Kf1 Nc6 18. Nc5 Rb8 19. a3 Nce7 20. Ne5 Rc8 21. Ned3 Rc7 22. b4 Bxc5 23. Rxc5 Bb5 24. Rxc7 {½-½ (24) Vidit,S (2718)-Van Foreest,J (2629) Wijk aan Zee 2018}) 14... Bxc5 15. Rxc5 Ne4 16. Rcc1 Nxd2 17. Rxd2 Be8 18. Rcd1 Rxd2 {The position is equal.} 19. Rxd2 Rd8 20. Rxd8 (20. g4 {is interesting.} f5 21. Bc4 Rxd2 22. Nxd2 Bf7 23. Be2) 20... Nxd8 $11 {[%mdl 4096] Endgame KBN-KBN} 21. Ne5 Nc6 22. Nxc6 Bxc6 {KB-KB} 23. f3 e5 24. e4 f6 25. Kf2 Kf7 26. Ke3 Ke6 27. Bc4+ Kd6 28. b4 b5 29. Bg8 h6 30. a3 Bd7 31. h4 Be6 32. Bxe6 Kxe6 33. g4 g5 34. h5 {Accuracy: White = 63%, Black = 77%.} 1/2-1/2

[Event "CHN-chW 2019"]
[Site "Xinghua"]
[Date "2019.05.15"]
[Round "5.7"]
[White "Shen, Yang"]
[Black "Guo, Qi"]
[Result "1/2-1/2"]
[WhiteElo "2449"]
[BlackElo "2361"]
[Annotator "RC"]
[PlyCount "56"]
[EventDate "2019.05.11"]
[EventType "tourn"]
[EventCountry "CHN"]
[SourceTitle "playchess.com"]
[Source "ChessBase"]
[SourceQuality "1"]
[TimeControl "5400+30"]

1. c4 {[%emt 0:00:00]} Nf6 {[%emt 0:00:08]} 2. Nf3 {[%emt 0:00:10]} g6 {[%emt 0:00:43]} 3. g3 {[%emt 0:00:22]} c5 {[%emt 0:02:24]} 4. Bg2 {[%emt 0:01:02]} Bg7 {[%emt 0:00:57]} 5. Nc3 {[%emt 0:00:12]} d5 {[%emt 0:03:23]} 6. cxd5 {[%emt 0:02:06]} Nxd5 {[%emt 0:00:09]} 7. d4 {[%emt 0:00:15]} Nc6 {[%emt 0:00:20]} 8. O-O {[%emt 0:00:26]} O-O {[%emt 0:00:13]} 9. Nxd5 {[%emt 0:02:17]} Qxd5 {[%emt 0:00:11]} 10. Be3 {[%emt 0:00:20]} cxd4 {[%emt 0:01:48]} 11. Nxd4 {[%emt 0:00:08]} Qa5 {[%emt 0:00:05]} 12. Nxc6 {[%emt 0:01:56]} bxc6 {[%emt 0:00:08]} 13. Bxc6 {[%emt 0:00:05]} Rb8 {[%emt 0:00:04]} 14. Qd5 {[%emt 0:01:17]} Qxd5 {[%emt 0:01:43]} 15. Bxd5 {[%emt 0:00:06]} Rxb2 {[%emt 0:00:05]} 16. Bxa7 {[%emt 0:02:44]} Bb7 {[%emt 0:00:08]} 17. Bc4 {[%emt 0:00:09]} Ra8 {[%emt 0:00:07]} 18. Be3 {[%emt 0:00:10]} Ba6 {[%emt 0:00:19]} 19. Bxa6 {[%emt 0:00:10]} Rxa6 {[%emt 0:00:07]} 20. a4 {[%emt 0:00:08]} Be5 {[%emt 0:01:50]} 21. Rfd1 {[%emt 0:00:53]} Rxe2 {[%emt 0:00:06]} 22. Ra3 {[%emt 0:00:10]} Bd6 {[%emt 0:00:05]} 23. Raa1 {[%emt 0:00:11]} Be5 {[%emt 0:00:04]} 24. Rd8+ {[%emt 0:00:18]} Kg7 {[%emt 0:00:05]} 25. Ra3 {[%emt 0:00:34]} Bd6 {[%emt 0:00:20]} 26. Ra1 {[%emt 0:00:29]} Be5 {[%emt 0:00:22]} 27. Ra3 {[%emt 0:00:12]} Bd6 {[%emt 0:00:05]} 28. Ra1 {[%emt 0:00:11]} Be5 {[%emt 0:00:07]} 1/2-1/2

[Event "CHN-chW 2019"]
[Site "Xinghua"]
[Date "2019.05.15"]
[Round "5.8"]
[White "Zhu, Jiner"]
[Black "Huang, Qian"]
[Result "1-0"]
[WhiteElo "2439"]
[BlackElo "2440"]
[Annotator "TA"]
[PlyCount "57"]
[EventDate "2019.05.11"]
[EventType "tourn"]
[EventCountry "CHN"]
[SourceTitle "playchess.com"]
[Source "ChessBase"]
[SourceQuality "1"]

{[%evp 15,57,38,25,-27,-14,-52,-27,-42,-61,-56,-39,-99,-43,-25,5,0,0,0,0,-28,0,0,434,470,475,475,475,471,472,469,450,470,468,466,443,424,446,402,404,392,474,464,457,473]} 1. e4 c5 2. Nf3 d6 3. d4 cxd4 4. Nxd4 Nf6 5. Nc3 a6 6. h3 e6 7. g4 d5 8. exd5 Nxd5 9. Nce2 {B81: Sicilian Scheveningen: Keres Attack} (9. Nde2 $142) (9. Nde2 Bb4 10. Bg2 O-O 11. O-O Nxc3 12. Nxc3 Qc7 13. Qd4 Nc6 14. Bxc6 Bxc3 15. Qxc3 bxc6 16. Be3 e5 17. Rae1 Bd7 18. Bc5 {½-½ (62) Fedoseev,V (2665)-Kokarev,D (2636) Novosibirsk 2016}) 9... e5 $11 10. Nb3 Nc6 11. Bg2 $146 {Black has an edge.} ({Predecessor:} 11. a3 Be6 12. Bg2 Be7 13. Ng3 Nf4 14. Bxf4 exf4 15. Nh5 Qxd1+ 16. Rxd1 g5 {½-½ (47) Taskiran,R (1912)-Ozturkler,B (1997) Konya 2017}) 11... Be6 12. Ng3 a5 13. a4 (13. O-O $15) 13... Ndb4 ({Black should try} 13... Bb4+ $17 14. Kf1 O-O) 14. Qe2 $15 f6 15. O-O Bxb3 16. cxb3 Nd4 17. Qd1 Qb6 18. Be3 Nbc2 $2 {[%mdl 8192] [#]} (18... O-O-O $11 {and Black stays safe.}) 19. Qxc2 $1 $18 {[%mdl 512]} Nxc2 20. Bxb6 Nxa1 21. Rxa1 Bb4 22. Rc1 O-O 23. Bxb7 Rab8 24. Bd5+ Kh8 25. Bc7 Rbc8 {intending ...Bd6.} 26. Bb7 Rce8 27. Nf5 g6 28. Ne3 Rf7 29. Nd5 {Accuracy: White = 58%, Black = 46%.} 1-0

[Event "CHN-chW 2019"]
[Site "Xinghua"]
[Date "2019.05.15"]
[Round "5.9"]
[White "Ren, Xiaoyi"]
[Black "Zhang, Lanlin"]
[Result "1-0"]
[WhiteElo "2261"]
[BlackElo "2181"]
[Annotator "TA"]
[PlyCount "125"]
[EventDate "2019.05.11"]
[EventType "tourn"]
[EventCountry "CHN"]
[SourceTitle "playchess.com"]
[Source "ChessBase"]
[SourceQuality "1"]

{[%evp 9,125,9,7,-18,0,0,26,34,51,60,56,69,57,47,76,33,114,119,125,122,106,119,118,113,152,144,145,150,166,168,156,152,250,245,264,256,256,265,259,268,269,261,261,268,273,243,277,217,195,202,245,233,241,236,250,223,258,172,149,185,202,197,418,411,513,425,557,476,603,515,6039,5904,1224,434,434,434,434,420,416,422,419,412,414,408,393,357,358,245,466,460,397,0,360,275,308,285,279,250,625,604,581,562,514,469,1468,1712,1737,1618,1737,1683,1535,1135,1477,1491,1064,1196,29984,29985]} 1. d4 d5 2. c4 e6 3. Nf3 Nf6 4. g3 dxc4 5. Qa4+ Nbd7 6. Qxc4 {E01: Catalan: Early deviations} c5 7. Bg2 cxd4 (7... a6 8. Qc2 b5 9. Ne5 Nd5 10. Nxd7 Bxd7 11. dxc5 Rc8 12. O-O Bxc5 13. Qd1 O-O 14. Nd2 Bc6 15. Nb3 Bb6 16. Bd2 a5 {0-1 (36) Deac,B (2594)-Adams,M (2712) Douglas 2018}) 8. Nxd4 {White has an edge.} Bc5 9. O-O O-O 10. Nc3 a6 11. Rd1 h6 $146 ({Predecessor:} 11... Qe7 12. Na4 Ba7 13. Be3 Ne5 14. Qb3 Nd5 {0-1 (32) Goluch,P (2360)-Psyk,R (2132) Polanica Zdroj 2017}) 12. Bf4 Qe7 (12... g5 $14) 13. Nb3 $16 e5 14. Nxc5 Nxc5 15. Be3 Ne6 16. Rac1 $36 {[%mdl 2048] White has strong initiative.} Bd7 17. Nd5 Nxd5 18. Qxd5 (18. Bxd5 Rac8 $16) 18... Ba4 19. b3 (19. Qxe5 Bxd1 20. Rxd1 Rad8 $15) (19. Qxb7 $6 Qxb7 20. Bxb7 Rab8 $14) 19... Bc6 20. Qxe5 {Hoping for Bc5.} Bxg2 (20... f6 $16 {is a better defense.} 21. Bc5 Qe8 22. Bxc6 fxe5 23. Bxe8 Rfxe8) 21. Bc5 $1 $18 {[%cal Rc5e7][%mdl 64] Skewer} (21. Kxg2 $6 Rfd8 $16) 21... Qe8 22. Bxf8 (22. Kxg2 $6 Nxc5 23. Rxc5 Qxe5 $16) 22... Bc6 23. Bc5 f6 24. Qe3 Qf7 25. f3 Re8 26. Bb6 Qh5 27. Rc4 Kf7 28. Rxc6 bxc6 29. Rd7+ Kg8 30. Rd6 Nf8 31. Qd3 Qe5 32. Qc4+ ({Much less strong is} 32. Rxc6 $6 Qxe2 33. Qxe2 Rxe2 $16) 32... Kh8 33. Rd8 ({Don't do} 33. Qxc6 $6 Qxe2 34. Bf2 a5 $16) 33... Rxd8 34. Bxd8 Ne6 35. Bb6 c5 $2 (35... Qb5) 36. Qxa6 f5 37. Kf2 h5 38. Qc4 g5 39. Ba5 {Threatens to win with Bc3!} f4 {[#]} (39... Qd6 $142 40. Bc3+ Kg8) 40. Bc3 $1 Nd4 41. Bxd4 (41. b4 $142 Kg7 42. bxc5 Qe3+ 43. Kg2) 41... cxd4 {[%mdl 4096] Endgame KQ-KQ} 42. Qc8+ Kh7 43. Qb7+ Kh6 44. Qc6+ Kg7 {If Black can now play ...fxg3+ this consolidates a bit.} 45. Qe4 fxg3+ 46. hxg3 Qc5 47. Qb7+ Kh6 {intending ...d3+.} 48. b4 Qc3 $2 (48... Qd6 49. b5 d3 50. exd3 Qxd3 51. Qc6+ Kg7) 49. Qb6+ Kg7 50. Qb7+ Kh6 $1 51. b5 Qe3+ 52. Kf1 Qc1+ 53. Kg2 {Strongly threatening Qc6+.} Qb2 $2 (53... d3 54. Qb6+ (54. exd3 Qd2+ 55. Kh3 Qxd3 $16) 54... Kh7 55. exd3 Qb2+ 56. Kh3 Qe2 57. Qc7+ Kg8 58. Qd8+ Kf7 59. Qd5+ Kf6 60. Qd4+ Kf7) 54. Qc6+ Kg7 55. Qd7+ Kf6 56. Qd6+ Kg7 (56... Kf7 $142 57. Qd7+ Kf6) 57. Qe5+ Kg6 58. a4 Qb4 59. Qe6+ Kg7 60. Qd7+ Kg6 61. Qc6+ Kg7 62. b6 Qb2 {[#]} 63. Qb5 $1 {Accuracy: White = 77%, Black = 36%.} 1-0

[Event "CHN-chW 2019"]
[Site "Xinghua"]
[Date "2019.05.15"]
[Round "5.10"]
[White "Xiao, Yiyi"]
[Black "Ning, Kaiyu"]
[Result "1-0"]
[WhiteElo "2290"]
[BlackElo "2256"]
[Annotator "NA RC"]
[PlyCount "77"]
[EventDate "2019.05.11"]
[EventType "tourn"]
[EventCountry "CHN"]
[SourceTitle "playchess.com"]
[Source "ChessBase"]
[SourceQuality "1"]
[TimeControl "5400+30"]

1. d4 {[%emt 0:00:00]} d5 {[%emt 0:00:00]} 2. c4 {[%emt 0:00:00]} e6 {[%emt 0:00:00]} 3. Nf3 {[%emt 0:00:27]} Nf6 {[%emt 0:00:00]} 4. g3 {[%emt 0:00:18]} dxc4 {[%emt 0:00:00]} 5. Bg2 {[%emt 0:00:05]} Nc6 {[%emt 0:00:00]} 6. Qa4 {[%emt 0:02:00]} Bb4+ {[%emt 0:00:06]} 7. Bd2 {[%emt 0:00:09]} Nd5 {[%emt 0:00:06]} 8. Bxb4 {[%emt 0:03:10]} Ndxb4 {[%emt 0:00:02]} 9. O-O {[%emt 0:01:08]} Rb8 {[%emt 0:04:43]} 10. Nc3 {[%emt 0:02:24]} a6 {[%emt 0:01:04]} 11. Ne5 {[%emt 0:02:09]} O-O {[%emt 0:00:08] E04: Open Catalan: 5 Nf3} 12. Bxc6 {[%emt 0:00:39]} Nxc6 {[%emt 0:00:43]} 13. Nxc6 {[%emt 0:00:06]} bxc6 {[%emt 0:00:03]} 14. Qxc4 {[%emt 0:00:06]} Qd6 {[%emt 0:00:04]} 15. e3 {[%emt 0:01:49]} (15. b3 Rb4 16. Ne4 Qxd4 17. Qxd4 Rxd4 18. f3 e5 19. Kf2 {½-½ (39) Bluebaum,M (2642)-Lupulescu,C (2609) Germany 2016}) 15... Rxb2 {[%emt 0:05:18]} 16. Rab1 {[%emt 0:00:16]} Rb6 {[%emt 0:00:03]} 17. Rfc1 {[%emt 0:08:05]} e5 {[%emt 0:29:37]} 18. Ne4 $146 {[%emt 0:28:22]} ({Predecessor:} 18. Rxb6 cxb6 19. dxe5 Qxe5 20. Qxc6 Qa5 21. Nd5 Be6 {½-½ (21) Tabunchik,V (2399)-Hansen,P (2337) ICCF corr 2009}) 18... Qe6 {[%emt 0:07:53]} 19. Qxe6 {[%emt 0:02:20]} Bxe6 {[%emt 0:01:51]} 20. dxe5 {[%emt 0:00:15]} Bxa2 {[%emt 0:01:33]} 21. Ra1 $11 {[%emt 0:04:01]} Rb2 {[%emt 0:13:17]} 22. Nc5 {[%emt 0:09:49]} Rd8 {[%emt 0:19:54]} 23. Na4 {[%emt 0:05:39]} Rbd2 {[%emt 0:00:22]} 24. Nc3 {[%emt 0:00:07]} Bb3 {[%emt 0:03:09]} 25. Rxa6 {[%emt 0:02:41]} c5 {[%emt 0:07:21]} 26. Rc6 {[%emt 0:00:19]} c4 {[%emt 0:00:20]} 27. Rxc7 {[%emt 0:00:12]} h6 {[%emt 0:00:31]} 28. Kg2 {[%emt 0:09:06]} R8d3 {[%emt 0:00:27]} 29. Kf3 {[%emt 0:00:06]} Rb2 {[%emt 0:00:51]} 30. Ne4 {[%emt 0:00:50]} Rd5 {[%emt 0:01:09]} 31. Kf4 {[%emt 0:01:29]} Ra2 {[%emt 0:00:12]} 32. h4 {[%emt 0:03:49]} Raa5 {[%emt 0:00:24]} 33. Rc8+ {[%emt 0:00:19]} Kh7 {[%emt 0:05:19]} 34. Re8 {[%emt 0:00:06]} Ra7 {[%emt 0:00:00]} 35. h5 {[%emt 0:01:08]} Ba4 {[%emt 0:00:00]} 36. Ra1 {[%emt 0:00:52]} Rda5 {[%emt 0:00:00]} 37. Rc8 {[%emt 0:00:20]} f6 {[%emt 0:00:50]} 38. exf6 {[%emt 0:01:08]} Rxh5 {[%emt 0:00:01]} 39. Rxa4 {[%emt 0:01:48]} 1-0